<?xml version="1.0" encoding="UTF-8"?>
<record
    xmlns:xsi="http://www.w3.org/2001/XMLSchema-instance"
    xsi:schemaLocation="http://www.loc.gov/MARC21/slim http://www.loc.gov/standards/marcxml/schema/MARC21slim.xsd"
    xmlns="http://www.loc.gov/MARC21/slim">

  <leader>01228nam a22002897a 4500</leader>
  <controlfield tag="001">3478</controlfield>
  <controlfield tag="003">FISKH</controlfield>
  <controlfield tag="005">20250826090232.0</controlfield>
  <controlfield tag="008">240312b        cb ||||| |||| 00| 0 eng d</controlfield>
  <datafield tag="020" ind1=" " ind2=" ">
    <subfield code="a">9789814281126</subfield>
  </datafield>
  <datafield tag="040" ind1=" " ind2=" ">
    <subfield code="a">FISKH</subfield>
    <subfield code="b">eng</subfield>
    <subfield code="c">FISKH</subfield>
    <subfield code="d">FISKH</subfield>
  </datafield>
  <datafield tag="050" ind1=" " ind2=" ">
    <subfield code="a">398.2</subfield>
  </datafield>
  <datafield tag="100" ind1=" " ind2=" ">
    <subfield code="a">Giles, Jenny </subfield>
  </datafield>
  <datafield tag="245" ind1=" " ind2=" ">
    <subfield code="a">Goldilocks and the three bears /</subfield>
    <subfield code="c">Retold by Jenny Giles : illustrated by Pat Reynolds </subfield>
  </datafield>
  <datafield tag="250" ind1=" " ind2=" ">
    <subfield code="a">First published in 1998</subfield>
  </datafield>
  <datafield tag="260" ind1=" " ind2=" ">
    <subfield code="a">Boston : </subfield>
    <subfield code="b">Cengage Learning, </subfield>
    <subfield code="c">1998</subfield>
  </datafield>
  <datafield tag="300" ind1=" " ind2=" ">
    <subfield code="a">32 pages : </subfield>
    <subfield code="b">color illustrations ; </subfield>
    <subfield code="c">22 cm . </subfield>
  </datafield>
  <datafield tag="505" ind1=" " ind2=" ">
    <subfield code="a">H 
</subfield>
  </datafield>
  <datafield tag="520" ind1=" " ind2=" ">
    <subfield code="a">Scandinavia, where bears still live in the mountains, was chosen as the setting for this story. The turf-roofed house, the furniture, fabrics and clothes were all inspired by Icelandic, Norwegian and Swedish designs. Robert Southey's famous English version (in which the bears' visitor was an old woman) was written in 1837, and based on oral tradition. Set in Scandinavia, circa 1700-1800.</subfield>
  </datafield>
  <datafield tag="521" ind1="8" ind2=" ">
    <subfield code="a">470 
</subfield>
    <subfield code="b">Lexile estimate 
</subfield>
  </datafield>
  <datafield tag="521" ind1="8" ind2=" ">
    <subfield code="a">H 
</subfield>
    <subfield code="b">Raz-Plus 
</subfield>
  </datafield>
  <datafield tag="600" ind1=" " ind2=" ">
    <subfield code="2">plays </subfield>
    <subfield code="v">Fairy tale</subfield>
  </datafield>
  <datafield tag="650" ind1=" " ind2=" ">
    <subfield code="a">three bears </subfield>
    <subfield code="v">Fairy tales </subfield>
  </datafield>
  <datafield tag="700" ind1=" " ind2=" ">
    <subfield code="a">Reynolds, Pat </subfield>
    <subfield code="e">illustrator </subfield>
  </datafield>
  <datafield tag="942" ind1=" " ind2=" ">
    <subfield code="2">ddc</subfield>
    <subfield code="c">BK</subfield>
    <subfield code="n">0</subfield>
  </datafield>
  <datafield tag="999" ind1=" " ind2=" ">
    <subfield code="c">3478</subfield>
    <subfield code="d">3478</subfield>
  </datafield>
  <datafield tag="952" ind1=" " ind2=" ">
    <subfield code="0">0</subfield>
    <subfield code="1">0</subfield>
    <subfield code="2">ddc</subfield>
    <subfield code="4">0</subfield>
    <subfield code="7">0</subfield>
    <subfield code="8">JUVF</subfield>
    <subfield code="a">002</subfield>
    <subfield code="b">002</subfield>
    <subfield code="c">TTP Dark Blue</subfield>
    <subfield code="d">2024-03-12</subfield>
    <subfield code="l">0</subfield>
    <subfield code="o">GIL 398.2 PZ7</subfield>
    <subfield code="p">FISTK04043</subfield>
    <subfield code="r">2024-03-12 11:24:12</subfield>
    <subfield code="t">1</subfield>
    <subfield code="w">2024-03-12</subfield>
    <subfield code="y">BK</subfield>
  </datafield>
  <datafield tag="952" ind1=" " ind2=" ">
    <subfield code="0">0</subfield>
    <subfield code="1">0</subfield>
    <subfield code="2">ddc</subfield>
    <subfield code="4">0</subfield>
    <subfield code="7">0</subfield>
    <subfield code="8">JUVF</subfield>
    <subfield code="a">001</subfield>
    <subfield code="b">001</subfield>
    <subfield code="c">TK Blue</subfield>
    <subfield code="d">2024-09-05</subfield>
    <subfield code="l">0</subfield>
    <subfield code="o">GIL 398.2 PZ7</subfield>
    <subfield code="p">FISBK05047</subfield>
    <subfield code="r">2024-09-05 09:34:52</subfield>
    <subfield code="t">2</subfield>
    <subfield code="w">2024-09-05</subfield>
    <subfield code="y">BK</subfield>
  </datafield>
  <datafield tag="952" ind1=" " ind2=" ">
    <subfield code="0">0</subfield>
    <subfield code="1">0</subfield>
    <subfield code="2">ddc</subfield>
    <subfield code="4">0</subfield>
    <subfield code="7">0</subfield>
    <subfield code="8">JUVF</subfield>
    <subfield code="a">001</subfield>
    <subfield code="b">001</subfield>
    <subfield code="c">TK Blue</subfield>
    <subfield code="d">2025-04-29</subfield>
    <subfield code="l">0</subfield>
    <subfield code="o">GIL 398.2 PZ7</subfield>
    <subfield code="p">FISTK00894</subfield>
    <subfield code="r">2025-04-29 08:15:52</subfield>
    <subfield code="t">3</subfield>
    <subfield code="w">2025-04-29</subfield>
    <subfield code="y">BK</subfield>
  </datafield>
  <datafield tag="952" ind1=" " ind2=" ">
    <subfield code="0">0</subfield>
    <subfield code="1">0</subfield>
    <subfield code="2">ddc</subfield>
    <subfield code="4">0</subfield>
    <subfield code="7">0</subfield>
    <subfield code="8">JUVF</subfield>
    <subfield code="a">002</subfield>
    <subfield code="b">002</subfield>
    <subfield code="c">TTP Dark Blue</subfield>
    <subfield code="d">2025-06-23</subfield>
    <subfield code="l">1</subfield>
    <subfield code="o">GIL 398.2 PZ7</subfield>
    <subfield code="p">FIS04930</subfield>
    <subfield code="r">2026-03-26 08:04:52</subfield>
    <subfield code="s">2026-03-19</subfield>
    <subfield code="t">4</subfield>
    <subfield code="w">2025-06-23</subfield>
    <subfield code="y">BK</subfield>
  </datafield>
  <datafield tag="952" ind1=" " ind2=" ">
    <subfield code="0">0</subfield>
    <subfield code="1">0</subfield>
    <subfield code="2">ddc</subfield>
    <subfield code="4">0</subfield>
    <subfield code="7">0</subfield>
    <subfield code="8">JUVF</subfield>
    <subfield code="a">002</subfield>
    <subfield code="b">002</subfield>
    <subfield code="c">TTP Dark Blue</subfield>
    <subfield code="d">2025-06-23</subfield>
    <subfield code="l">0</subfield>
    <subfield code="o">GIL 398.2 PZ7</subfield>
    <subfield code="p">FIS04875</subfield>
    <subfield code="r">2025-06-23 10:21:41</subfield>
    <subfield code="t">5</subfield>
    <subfield code="w">2025-06-23</subfield>
    <subfield code="y">BK</subfield>
  </datafield>
  <datafield tag="952" ind1=" " ind2=" ">
    <subfield code="0">0</subfield>
    <subfield code="1">0</subfield>
    <subfield code="2">ddc</subfield>
    <subfield code="4">0</subfield>
    <subfield code="7">0</subfield>
    <subfield code="8">JUVF</subfield>
    <subfield code="a">002</subfield>
    <subfield code="b">002</subfield>
    <subfield code="c">TTP Dark Blue</subfield>
    <subfield code="d">2025-08-26</subfield>
    <subfield code="l">0</subfield>
    <subfield code="o">GIL 398.2 PZ7</subfield>
    <subfield code="p">FIS02281</subfield>
    <subfield code="r">2025-08-26 09:02:30</subfield>
    <subfield code="t">6</subfield>
    <subfield code="w">2025-08-26</subfield>
    <subfield code="y">BK</subfield>
  </datafield>
  <datafield tag="952" ind1=" " ind2=" ">
    <subfield code="0">0</subfield>
    <subfield code="1">0</subfield>
    <subfield code="2">ddc</subfield>
    <subfield code="4">0</subfield>
    <subfield code="7">0</subfield>
    <subfield code="8">JUVF</subfield>
    <subfield code="a">002</subfield>
    <subfield code="b">002</subfield>
    <subfield code="c">TTP Dark Blue</subfield>
    <subfield code="d">2025-11-19</subfield>
    <subfield code="l">0</subfield>
    <subfield code="o">GIL 398.2 PZ7</subfield>
    <subfield code="p">FISBK05043</subfield>
    <subfield code="r">2025-11-19 16:16:22</subfield>
    <subfield code="t">7</subfield>
    <subfield code="w">2025-11-19</subfield>
    <subfield code="y">BK</subfield>
  </datafield>
</record>
